书目信息 |
| 题名: |
特种蔬菜栽培技术
|
|
| 作者: | 王迪轩 , 罗美庄 主编 | |
| 分册: | 瓜果类 | |
| 出版信息: | 北京 化学工业出版社 2010 |
|
| 页数: | 164页 | |
| 开本: | 21cm | |
| 丛书名: | ||
| 单 册: | ||
| 中图分类: | S63 , S642 | |
| 科图分类: | ||
| 主题词: | 蔬菜--栽培技术 , 瓜类蔬类--栽培技术 | |
| 电子资源: | ||
| ISBN: | 978-7-122-09298-4 | |
| 000 | 01062nam0 2200265 45 | |
| 001 | 1130662640 | |
| 005 | 20110310090307.06 | |
| 010 | @a978-7-122-09298-4@dCNY18.00 | |
| 100 | @a20110123d2010 em y0chiy50 ea | |
| 101 | 0 | @achi |
| 102 | @aCN@b110000 | |
| 105 | @ay z 000yy | |
| 106 | @ar | |
| 200 | 1 | @a特种蔬菜栽培技术@ATe Zhong Shu Cai Zai Pei Ji Shu@i瓜果类@IGua Guo Lei@f王迪轩, 罗美庄主编@FWang Di Xuan, Luo Mei Zhuang Zhu Bian |
| 210 | @a北京@c化学工业出版社@d2010 | |
| 215 | @a164页@c彩图@d21cm | |
| 330 | @a本书主要介绍了彩色(观赏)椒、观赏番茄、小型西葫芦、小型南瓜、水果黄瓜、佛手瓜、蛇瓜、四棱豆、甜玉米等特种蔬菜的形态识别、优良品种、特种栽培技术、容器栽培要点、主要病虫害识别与防治技术、贮藏加工技术及营养保健作用,系统总结了当前特种蔬菜的栽培新技术和病虫害防治实用技术。 | |
| 606 | 0 | @a蔬菜@x栽培技术 |
| 606 | 0 | @a瓜类蔬类@x栽培技术 |
| 690 | @aS63@v4 | |
| 690 | @aS642@v4 | |
| 701 | 0 | @a王迪轩@AWang Di Xuan@4主编 |
| 701 | 0 | @a罗美庄@ALuo Mei Zhuang@4主编 |
| 801 | 0 | @aCN@bTANGWEI@c20110310 |
| 905 | @b0530963-66@dS63@e221@f4 | |
| 特种蔬菜栽培技术.瓜果类/王迪轩, 罗美庄主编.-北京:化学工业出版社,2010 |
| 164页:彩图;21cm |
| ISBN 978-7-122-09298-4:CNY18.00 |
| 本书主要介绍了彩色(观赏)椒、观赏番茄、小型西葫芦、小型南瓜、水果黄瓜、佛手瓜、蛇瓜、四棱豆、甜玉米等特种蔬菜的形态识别、优良品种、特种栽培技术、容器栽培要点、主要病虫害识别与防治技术、贮藏加工技术及营养保健作用,系统总结了当前特种蔬菜的栽培新技术和病虫害防治实用技术。 |
| ● |
| 相关链接 |
|
|
|
|
正题名:特种蔬菜栽培技术
索取号:S63/221
 
预约/预借
| 序号 | 登录号 | 条形码 | 馆藏地/架位号 | 状态 | 备注 |
| 1 | 0530963 | 205309637 | 第二样本阅览室/ [索取号:S63/221] | 在馆 | |
| 2 | 0530964 | 205309646 | 密集书库-生命科学系/ [索取号:S63/221] | 在馆 | |
| 3 | 0530965 | 205309655 | 第三借阅区/ [索取号:S63/221] | 在馆 | |
| 4 | 0530966 | 205309664 | 第三借阅区/ [索取号:S63/221] | 在馆 |